000 00688nam a2200289Ia 4500
005 20260324111512.0
008 008 260324s9999 xx 000 0 eng d
020 _a9781003503422
037 _aEBOOK
040 _aCRL
040 _beng
040 _cCRL
041 _2eng
041 _aeng
084 _qCRL
100 _aAnne Wilson
_91138831
245 0 _aUnity between Horse and Rider
245 0 _bClassical Training for the Benefit of Both
260 _bTaylor and Francis
260 _c2025
365 _a
365 _b195
856 _uhttp://www.taylorfrancis.com/books/9781003503422
942 _cEBOOK
999 _c1727679
_d1727679